|
|
|
|
| LEADER |
00000nam0a2200000 4500 |
| 001 |
39870 |
| 005 |
20231031011831.0 |
| 010 |
|
|
|a 5936500179
|
| 035 |
|
|
|a (RuTPU)RU\TPU\book\40747
|
| 090 |
|
|
|a 39870
|
| 100 |
|
|
|a 20020415d2001 m y0rusy50 ca
|
| 101 |
0 |
|
|a rus
|
| 102 |
|
|
|a RU
|
| 105 |
|
|
|a a z 001zy
|
| 200 |
1 |
|
|a Реанимация, проверка, наладка персонального компьютера
|e Практическое руководство
|f Г. А. Евсеев
|
| 210 |
|
|
|a Москва
|c Десс Ком
|c I-Press
|d 2001
|
| 215 |
|
|
|a 288 с.
|c ил.
|
| 320 |
|
|
|a Алф. указ.: с. 282-286.
|
| 610 |
1 |
|
|a информатика
|
| 610 |
1 |
|
|a персональные компьютеры
|
| 610 |
1 |
|
|a эксплуатация
|
| 610 |
1 |
|
|a неисправности
|
| 610 |
1 |
|
|a наладка
|
| 610 |
1 |
|
|a регулирование
|
| 610 |
1 |
|
|a настройка
|
| 610 |
1 |
|
|a ремонт
|
| 610 |
1 |
|
|a SETUP
|
| 610 |
1 |
|
|a Windows
|
| 610 |
1 |
|
|a реестры
|
| 610 |
1 |
|
|a оптимизация
|
| 610 |
1 |
|
|a компоненты
|
| 610 |
1 |
|
|a обновление
|
| 610 |
1 |
|
|a операционные системы
|
| 610 |
1 |
|
|a драйверы
|
| 610 |
1 |
|
|a компьютерные вирусы
|
| 610 |
1 |
|
|a жесткие диски
|
| 610 |
1 |
|
|a гибкие диски
|
| 675 |
|
|
|a 681.3.004
|v 3
|
| 700 |
|
1 |
|a Евсеев
|b Г. А.
|g Георгий Александрович
|
| 801 |
|
1 |
|a RU
|b 63413507
|c 20020415
|g PSBO
|
| 801 |
|
2 |
|a RU
|b 63413507
|c 20020422
|g PSBO
|
| 942 |
|
|
|c BK
|